000 01246nab a22002297a 4500
999 _c5459
_d5459
003 OSt
005 20251112131220.0
008 190604e xxu||||| |||| 00| 0 spa d
040 _cPJ
100 _96461
_aLosada, Francisco
245 1 0 _aLos decretos 830 y 833. La nueva regulación de los servicios de transporte automotor /
_cFrancisco Losada.
260 _aCiudad Autónoma de Buenos Aires :
_bThomson Reuters La Ley,
_c2025.
300 _ap. 5-21
500 _aCita Online: TR LALEY AR/DOC/1121/2025.
505 _tSumario: I. Introducción.— II. Qué son los servicios públicos.— III. De sus formas de prestación.— IV. Las nuevas modalidades introducidas por los decs. 830/2024 y 883/2024 en los servicios de transporte automotor de pasajeros.— V. El Registro Nacional de Transporte Automotor de Pasajeros.
505 _t¿Te interesa el texto completo? Solicitalo al correo: koha@justierradelfuego.gov.ar
650 0 _91432
_aSERVICIO PÚBLICO
650 0 _92981
_aCONCESIÓN DE SERVICIO PÚBLICO
650 0 _94216
_aTRANSPORTE DE PASAJEROS
773 0 _02714
_93171
_dCiudad Autónoma de Buenos Aires : Thomson Reuters La Ley, 2014-
_tRevista anales de legislación argentina. Nº 6 - Junio 2025.
942 _2udc
_cANA